| 000 | 01094nam0a22002891 4500 | ||
|---|---|---|---|
| 001 | RU\NLR\INFOCOMM_17\5000670821 | ||
| 005 | 20250613095449.0 | ||
| 035 | _a(NLR Aleph) 009295550 | ||
| 090 |
_a9246877 _c9246877 |
||
| 100 | _a20101006d1974 |||y0rusy50 ca | ||
| 101 | 0 | _aeng | |
| 102 | _aRU | ||
| 105 | _aa ||||000|y | ||
| 200 | 1 | _aExperimental setup of the study of elastic π⁻ρ scattering at small angles for energies of 40 and 50 GeV | |
| 210 |
_aДубна _d1974 |
||
| 215 |
_a17 с. _cил. _d22 см |
||
| 225 | 1 |
_a[Издания] _fОбъедин. ин-т ядерных исследований _iЛаборатория высоких энергий _vЕ1-7934 |
|
| 300 | _aНа обороте тит. л. авт.: G. T. Adylov, F. K. Aliev, P. I. Filippov [a. o.] | ||
| 320 | _aБиблиогр.: с. 17 | ||
| 606 |
_aПионы (физ.) _xРассеяние на протонах _2nlr_sh1 |
||
| 686 |
_aВ382.32 _2rubbk |
||
| 701 | 1 |
_aAdylov _bG. T. _4070 |
|
| 801 | 1 |
_aRU _bNLR _c20101006 |
|
| 801 | 0 |
_aRU _bNLR _gPSBO |
|
| 852 |
_aNLR _jП11/2061 |
||
| 942 | _cBOOK | ||
| 980 | _aNB | ||